000 00539pam a2200181 a 4500
003 OSt
008 891114s1990 caua b 001 0 eng
020 _a0123935903 (alk. paper)
082 0 0 _a664.028
_bKAD/FO
245 0 0 _aFood packaging /
260 _aSan Diego :
_bAcademic Press,
_cc1990.
300 _axv, 424 p. :
_bill. ;
650 0 _aFood
700 1 _aKadoya, Takashi,
_9993
856 4 2 _uhttp://www.loc.gov/catdir/description/els032/89018381.html
856 4 1 _uhttp://www.loc.gov/catdir/toc/els031/89018381.html
942 _cBK
999 _c14576
_d14576